Carbon compliance setting an appropriate limit for zero carbon new homes (Record no. 112050)

MARC details
000 -LEADER
fixed length control field 01151cad a22001935a 4500
001 - CONTROL NUMBER
control field L152416
008 - FIXED-LENGTH DATA ELEMENTS--GENERAL INFORMATION
fixed length control field 110304s2011 xxk f 000 0 eng d
035 ## - SYSTEM CONTROL NUMBER
System control number (Sirsi) u152416
041 0# - LANGUAGE CODE
Language code of text/sound track or separate title eng
110 2# - MAIN ENTRY--CORPORATE NAME
Corporate name or jurisdiction name as entry element Zero Carbon Hub
245 00 - TITLE STATEMENT
Title Carbon compliance setting an appropriate limit for zero carbon new homes
Remainder of title findings and recommendations
Medium [electronic resource]
260 ## - PUBLICATION, DISTRIBUTION, ETC.
Date of publication, distribution, etc. 2011
520 ## - SUMMARY, ETC.
Summary, etc. Final report recommends the built performance emissions from new homes constructed from 2016 should not exceed; 10 kg CO2 m² a year for detached houses, 11 kg CO2 m² a year for attached houses and 14 kg CO2 m² a year for low rise apartment blocks (four storeys and below). Further recommendations cover areas such as regional weather, development averaging and CO2 emissions factors. This was originally published as an interim report in December 2010.
590 ## - LOCAL NOTE (RLIN)
Local note KA NTK
651 #4 - SUBJECT ADDED ENTRY--GEOGRAPHIC NAME
Geographic name United Kingdom
690 ## - LOCAL SUBJECT ADDED ENTRY--TOPICAL TERM (OCLC, RLIN)
Topical term or geographic name as entry element ENVIRONMENTAL AND LAND CONSULTANCY-ENERGY-ENERGY USE-ENERGY EFFICIENCY
856 40 - ELECTRONIC LOCATION AND ACCESS
Uniform Resource Identifier <a href="https://www.zerocarbonhub.org/resourcefiles/CC_TG_Report_Feb_2011.pdf">https://www.zerocarbonhub.org/resourcefiles/CC_TG_Report_Feb_2011.pdf</a>
Public note View the report free of charge at www.zerocarbonhub.org
942 ## - ADDED ENTRY ELEMENTS (KOHA)
Suppress in OPAC 0
Holdings
Withdrawn status Lost status Source of classification or shelving scheme Damaged status Not for loan Home library Current library Shelving location Date acquired Total Checkouts Full call number Barcode Date last seen Copy number Price effective from Koha item type
    Dewey Decimal Classification     Virtual Virtual Online 04/03/2011   ONLINE PUBLICATION 152416-2001 06/08/2019 1 06/08/2019 Book